000 00796nam a2200265Ia 4500
005 20260302115958.0
008 008 260114s9999 xx 000 0 eng d
020 _a9781683935124
037 _aTextbook
040 _aCRL
040 _beng
040 _cCRL
041 _2eng
041 _aeng
084 _qCRL
100 _aJennifer Biedendorf
_91123255
245 0 _aCosmopolitanism and the Development of the International Criminal Court Non-Governmental Organizations’ Advocacy and Transnational Human Rights
260 _bBloomsbury
260 _bFairleigh Dickinson University Press
260 _c2019
650 _aLaw
856 _uhttps://doi.org/10.5040/9781683935124?locatt=label:secondary_bloomsburyCollections
942 _cEBOOK
999 _c1688135
_d1688135